[Event "ODEM U25A 2013"]
[Site "Oberhof GER"]
[Date "2013.05.19"]
[Round "1"]
[White "Göttel, Tobias"]
[Black "Klosa, Kevin"]
[Result "1-0"]
[Termination "normal"]
[Board "25"]
[WhiteElo "1989"]
[BlackElo "1668"]
[PlyCount "113"]
[WhiteFideId "24693316"]
[BlackFideId "12900206"]
[EventCountry "GER"]
[EventRounds "9"]
[EventType "swiss"]
[EventDate "2013.05.18"]

1. e4 e5 2. Nf3 Nc6 3. Bb5 a6 4. Bxc6 dxc6 5. O-O Bd6 6. d4 Bg4 7. dxe5 Bxf3 8.
gxf3 Bxe5 9. Qxd8+ Rxd8 10. f4 Bd4 11. Kg2 Nf6 12. Kf3 Ke7 13. Na3 Rhe8 14. Nc4
Kf8 15. e5 Nd5 16. Be3 Nxe3 17. fxe3 Bc5 18. Rad1 b6 19. Rd3 Rd5 20. Rfd1 Red8
21. Ke4 Rxd3 22. cxd3 Ke8 23. Nd2 Kd7 24. Nf3 h6 25. Nh4 Be7 26. Nf5 Bf8 27.
Ng3 g6 28. f5 Bg7 29. Rf1 Re8 30. d4 c5 31. fxg6 fxg6 32. Rf7+ Re7 33. Rxe7+
Kxe7 34. d5 Kd7 35. Ne2 c6 36. Nf4 cxd5+ 37. Kxd5 g5 38. Nh5 Bf8 39. Ng3 b5 40.
b3 c4 41. bxc4 bxc4 42. Ne4 Be7 43. e6+ Kc7 44. Kxc4 Kc6 45. Kd4 h5 46. Ke5 a5
47. Kf5 Kd5 48. Nxg5 Bxg5 49. Kxg5 Kxe6 50. Kxh5 Kf5 51. h4 a4 52. Kh6 a3 53.
Kg7 Ke4 54. h5 Kxe3 55. h6 Kd2 56. h7 Kc2 57. h8=Q 1-0

[Event "ODEM U25A 2013"]
[Site "Oberhof GER"]
[Date "2013.05.19"]
[Round "1"]
[White "Denkert, Robert"]
[Black "Stabernack, Joschi"]
[Result "0-1"]
[Termination "normal"]
[Board "26"]
[WhiteElo "1631"]
[BlackElo "2022"]
[PlyCount "48"]
[WhiteFideId "12957216"]
[BlackFideId "12937258"]
[EventCountry "GER"]
[EventRounds "9"]
[EventType "swiss"]
[EventDate "2013.05.18"]

1. d4 Nf6 2. f4 g6 3. Nf3 Bg7 4. e3 d6 5. Bc4 O-O 6. O-O Nbd7 7. Nc3 c5 8. a4
b6 9. Qe1 e6 10. b3 Bb7 11. Bb2 a6 12. Rd1 d5 13. Bd3 Qc7 14. Ne5 Rfd8 15. Kh1
Nb8 16. Rc1 Nc6 17. Na2 Na5 18. Bc3 Nc6 19. Bb2 b5 20. c4 dxc4 21. bxc4 bxa4
22. dxc5 Nxe5 23. Bxe5 Qc6 24. Nb4 Qxg2# 0-1

[Event "ODEM U25A 2013"]
[Site "Oberhof GER"]
[Date "2013.05.19"]
[Round "1"]
[White "Stein, Daniel"]
[Black "Halas, Lena"]
[Result "1-0"]
[Termination "normal"]
[Board "27"]
[WhiteElo "1823"]
[BlackElo "1668"]
[PlyCount "51"]
[WhiteFideId "12939307"]
[BlackFideId "12931799"]
[EventCountry "GER"]
[EventRounds "9"]
[EventType "swiss"]
[EventDate "2013.05.18"]

1. e4 c6 2. d4 d5 3. exd5 cxd5 4. Bd3 Nf6 5. h3 e6 6. Nf3 Bd6 7. O-O Nc6 8. c3
O-O 9. Re1 a6 10. Ne5 Ne7 11. Bg5 Ng6 12. Nd2 Qc7 13. Ndf3 Bxe5 14. Nxe5 Nxe5
15. dxe5 Nd7 16. Qh5 g6 17. Qh6 f5 18. exf6 Nxf6 19. Bf4 Qf7 20. Bd6 Rd8 21.
Be5 Rf8 22. Re3 Bd7 23. Rf3 Qe7 24. Bxg6 hxg6 25. Qxg6+ Qg7 26. Rxf6 1-0

[Event "ODEM U25A 2013"]
[Site "Oberhof GER"]
[Date "2013.05.19"]
[Round "1"]
[White "Arns, Alexander"]
[Black "Reisberg, Andre"]
[Result "0-1"]
[Termination "normal"]
[Board "28"]
[WhiteElo "1685"]
[BlackElo "1975"]
[PlyCount "98"]
[WhiteFideId "12944009"]
[BlackFideId "1270630"]
[EventCountry "GER"]
[EventRounds "9"]
[EventType "swiss"]
[EventDate "2013.05.18"]

1. e4 e6 2. d4 d5 3. exd5 exd5 4. Nf3 Bg4 5. h3 Bh5 6. Be2 Bd6 7. Be3 Ne7 8.
Nc3 c6 9. Qd2 Nd7 10. Bf4 Qc7 11. Bxd6 Qxd6 12. a3 O-O 13. O-O Bxf3 14. Bxf3
Nb6 15. Rab1 Nc4 16. Qd3 Ng6 17. g3 f5 18. Bg2 f4 19. Nd1 Rae8 20. g4 Nh4 21.
Nc3 f3 22. Bh1 Qf4 23. Rfd1 h5 24. gxh5 Ne3 25. fxe3 Rxe3 26. Qd2 Qg3+ 27. Kf1
f2 28. Qxe3 Qxe3 29. Rd3 Qg5 30. Ne2 Qxh5 31. Rbd1 Qf5 32. R1d2 Re8 33. b4 Rf8
34. Rg3 Rf6 35. Rdd3 Rg6 36. Rge3 Qf7 37. a4 Rf6 38. a5 Qf8 39. c3 b6 40. axb6
axb6 41. Rg3 Qa8 42. Rd1 Qa4 43. Rc1 Qa2 44. Re3 Qd2 45. Re5 Nf5 46. Kxf2 Nxd4+
47. Kg2 Nxe2 48. Ra1 Nxc3+ 49. Kg1 Qf2# 0-1

[Event "ODEM U25A 2013"]
[Site "Oberhof GER"]
[Date "2013.05.19"]
[Round "1"]
[White "Donath, Johann"]
[Black "Reif, Gerold"]
[Result "0-1"]
[Termination "normal"]
[Board "29"]
[WhiteElo "1958"]
[BlackElo "1623"]
[PlyCount "90"]
[WhiteFideId "24685160"]
[BlackFideId "12971723"]
[EventCountry "GER"]
[EventRounds "9"]
[EventType "swiss"]
[EventDate "2013.05.18"]

1. e4 e5 2. Nf3 Nc6 3. d4 exd4 4. Nxd4 Bc5 5. Nb3 Bb6 6. Nc3 d6 7. Qe2 Be6 8.
Be3 Nf6 9. O-O-O Qe7 10. f3 O-O-O 11. Bxb6 axb6 12. Qb5 d5 13. exd5 Bxd5 14.
Nxd5 Nxd5 15. Bc4 Nf6 16. Qa4 Kb8 17. Bb5 Rxd1+ 18. Rxd1 Ne5 19. f4 Neg4 20.
Nd4 Qc5 21. b4 Qc3 22. Kb1 Ne3 23. Rd3 Nfd5 24. Nc6+ bxc6 25. Bxc6 Qxc2+ 26.
Qxc2 Nxc2 27. a3 Ncxb4 28. axb4 Nxb4 29. Rc3 Nxc6 30. Rxc6 Re8 31. Rc2 c5 32.
Kb2 Kc7 33. Kc3 Kc6 34. Ra2 Re7 35. Ra8 b5 36. Rc8+ Rc7 37. Re8 f6 38. Rh8 h6
39. Re8 Rd7 40. Rb8 b4+ 41. Kc2 Kd5 42. g3 Re7 43. Rd8+ Kc4 44. Rd2 Ra7 45. Kb2
b3 0-1

[Event "ODEM U25A 2013"]
[Site "Oberhof GER"]
[Date "2013.05.19"]
[Round "1"]
[White "Diller, Daniel"]
[Black "Mauser, Tassilo Tino"]
[Result "1/2-1/2"]
[Termination "normal"]
[Board "31"]
[WhiteElo "1822"]
[BlackElo "1735"]
[PlyCount "118"]
[WhiteFideId "12908983"]
[BlackFideId "12925136"]
[EventCountry "GER"]
[EventRounds "9"]
[EventType "swiss"]
[EventDate "2013.05.18"]

1. c4 e5 2. g3 Nf6 3. Bg2 d5 4. cxd5 Nxd5 5. Nc3 Nb6 6. Nf3 Nc6 7. O-O Be7 8.
a3 O-O 9. b4 Be6 10. Rb1 f6 11. d3 a5 12. b5 Nd4 13. e3 Nxf3+ 14. Bxf3 Qd7 15.
Bxb7 Rad8 16. d4 exd4 17. Bc6 Qc8 18. exd4 Bc5 19. d5 Bg4 20. Qb3 Kh8 21. Ne4
a4 22. Qc3 Be7 23. f3 Nxd5 24. Bxd5 Rxd5 25. fxg4 Qxg4 26. Nf2 Qg6 27. Bf4 Rfd8
28. Bxc7 Rc5 29. Qa5 Rc8 30. Rbc1 Qg5 31. Bf4 Qd5 32. Rxc5 Bxc5 33. Qd2 Qb7 34.
Rd1 Qb6 35. Qe2 Bxf2+ 36. Qxf2 Qxb5 37. Qd4 h6 38. Qd7 Qc5+ 39. Kg2 Qc2+ 40.
Rd2 Qe4+ 41. Kh3 Re8 42. Bc7 Rg8 43. Rd4 Qf3 44. Rxa4 g5 45. Qb5 g4+ 46. Rxg4
Qxg4+ 47. Kg2 Qe4+ 48. Kh3 Qe6+ 49. Kg2 Qa2+ 50. Kh3 Qxa3 51. Qh5 Qf8 52. Bf4
Kh7 53. Qf5+ Rg6 54. Kh4 Qf7 55. Be3 Kg7 56. Bf4 Qc4 57. Qd7+ Qf7 58. Qf5 Qc4
59. Qd7+ Qf7 1/2-1/2

[Event "ODEM U25A 2013"]
[Site "Oberhof GER"]
[Date "2013.05.19"]
[Round "1"]
[White "Wastian, Jan"]
[Black "Böhning, Kilian"]
[Result "0-1"]
[Termination "normal"]
[Board "32"]
[WhiteElo "1636"]
[BlackElo "1882"]
[PlyCount "48"]
[WhiteFideId "12911640"]
[BlackFideId "1270499"]
[EventCountry "GER"]
[EventRounds "9"]
[EventType "swiss"]
[EventDate "2013.05.18"]

1. e4 e6 2. Nf3 d5 3. Nc3 Nf6 4. e5 Nfd7 5. d4 c5 6. Bg5 Qb6 7. dxc5 Nxc5 8.
Rb1 Nc6 9. Be3 Qa5 10. Qd2 Nd7 11. Bf4 Bb4 12. Ra1 Nc5 13. Bd3 d4 14. Nxd4 Nxd4
15. O-O Nxd3 16. Qxd3 Bxc3 17. bxc3 Qxc3 18. Qe4 O-O 19. Rad1 Nc6 20. Rd3 f5
21. exf6 Qxf6 22. Bg3 e5 23. Rf3 Bf5 24. Qa4 Qe6 0-1

[Event "ODEM U25A 2013"]
[Site "Oberhof GER"]
[Date "2013.05.19"]
[Round "1"]
[White "Faldum, Manfred"]
[Black "Neumann, Tiemon"]
[Result "1-0"]
[Termination "normal"]
[Board "33"]
[WhiteElo "1865"]
[BlackElo "1708"]
[PlyCount "59"]
[WhiteFideId "12921459"]
[BlackFideId "12925462"]
[EventCountry "GER"]
[EventRounds "9"]
[EventType "swiss"]
[EventDate "2013.05.18"]

1. Nf3 Nc6 2. g3 g6 3. Bg2 Bg7 4. O-O d6 5. c4 Nf6 6. Nc3 e5 7. d3 Be6 8. Rb1
d5 9. Ng5 O-O 10. Nxe6 fxe6 11. Bg5 Ne7 12. Qb3 Qd6 13. Bxf6 Bxf6 14. cxd5 exd5
15. Nxd5 Nxd5 16. Qxd5+ Kg7 17. Qxd6 cxd6 18. Bxb7 Rab8 19. Bd5 Rfc8 20. Rfd1
Bg5 21. e3 Rc5 22. Bc4 d5 23. b4 Rc6 24. Bxd5 Rcb6 25. Rdc1 Bd8 26. Rc6 Rxb4
27. Rxb4 Rxb4 28. Rd6 Bb6 29. Rd7+ Kh8 30. Re7 1-0

[Event "ODEM U25A 2013"]
[Site "Oberhof GER"]
[Date "2013.05.19"]
[Round "1"]
[White "Lansky, Georg"]
[Black "Martin, Raphael"]
[Result "1-0"]
[Termination "normal"]
[Board "35"]
[WhiteElo "1852"]
[BlackElo "1682"]
[PlyCount "59"]
[WhiteFideId "1270625"]
[BlackFideId "12952036"]
[EventCountry "GER"]
[EventRounds "9"]
[EventType "swiss"]
[EventDate "2013.05.18"]

1. e4 e5 2. f4 d5 3. exd5 exf4 4. Nf3 Nf6 5. Bc4 Nxd5 6. Bxd5 Qxd5 7. Nc3 Qd8
8. d4 Bb4 9. Qe2+ Be6 10. O-O O-O 11. Bxf4 Re8 12. Qb5 Bxc3 13. bxc3 Bd5 14.
Bxc7 Bc6 15. Qxc6 Nxc6 16. Bxd8 Raxd8 17. Rae1 Ne7 18. Ng5 f6 19. Ne6 Rc8 20.
Nc5 Nd5 21. Nxb7 Nxc3 22. Nd6 Rxe1 23. Rxe1 Rd8 24. Nf5 g6 25. Ne7+ Kf7 26. Nc6
Rd7 27. Kf2 Nb5 28. a4 Nc3 29. a5 Rc7 30. Nd8+ 1-0

[Event "ODEM U25A 2013"]
[Site "Oberhof GER"]
[Date "2013.05.19"]
[Round "1"]
[White "Zesewitz, Maik"]
[Black "Celmer, Ole"]
[Result "1/2-1/2"]
[Termination "normal"]
[Board "36"]
[WhiteElo "1552"]
[BlackElo "1882"]
[PlyCount "93"]
[WhiteFideId "12905640"]
[BlackFideId "24657107"]
[EventCountry "GER"]
[EventRounds "9"]
[EventType "swiss"]
[EventDate "2013.05.18"]

1. d4 Nf6 2. c4 e6 3. Nf3 b6 4. Bg5 Bb7 5. e3 Be7 6. Nc3 O-O 7. Bd3 d5 8. O-O
Nbd7 9. Rc1 c5 10. Qe2 Rc8 11. b3 h6 12. Bf4 Nh5 13. Bg3 Nxg3 14. fxg3 Nf6 15.
cxd5 Nxd5 16. Nxd5 Bxd5 17. Ne5 Bf6 18. Ng4 Be7 19. h4 f5 20. Ne5 Bd6 21. e4
Bxe5 22. dxe5 Bxe4 23. Bxe4 Qd4+ 24. Kh2 fxe4 25. Rxf8+ Rxf8 26. Rc4 Rf2 27.
Rxd4 Rxe2 28. Ra4 a5 29. Kg1 e3 30. Kf1 Rf2+ 31. Kg1 Rd2 32. Kf1 Rd4 33. Rc4
Kf7 34. h5 g5 35. g4 Ke7 36. g3 Kd7 37. Rc3 Re4 38. Rd3+ Kc7 39. Ke2 Rxe5 40.
Rd1 Rd5 41. Rf1 Rd6 42. Rf6 e5 43. Rg6 Kd7 44. Kxe3 b5 45. Ke4 c4 46. bxc4 bxc4
47. Kxe5 1/2-1/2

[Event "ODEM U25A 2013"]
[Site "Oberhof GER"]
[Date "2013.05.19"]
[Round "1"]
[White "Stark, Sven"]
[Black "Kitze, Lukas"]
[Result "1/2-1/2"]
[Termination "normal"]
[Board "37"]
[WhiteElo "1862"]
[BlackElo "1611"]
[PlyCount "104"]
[WhiteFideId "4670124"]
[BlackFideId "12932159"]
[EventCountry "GER"]
[EventRounds "9"]
[EventType "swiss"]
[EventDate "2013.05.18"]

1. e4 c5 2. Nf3 Nc6 3. d4 cxd4 4. Nxd4 g6 5. Nc3 Bg7 6. Be3 Nf6 7. Be2 O-O 8.
O-O d6 9. Qd2 Bd7 10. Rad1 Ne5 11. f3 Re8 12. Nb3 Qc7 13. Nb5 Bxb5 14. Bxb5
Rec8 15. c3 Nc4 16. Bxc4 Qxc4 17. Qd3 Nd7 18. Qb1 Ne5 19. Rf2 Qa6 20. Bd4 Nc4
21. Bxg7 Kxg7 22. Nd2 Nxd2 23. Rfxd2 Rc5 24. b3 Rac8 25. Qb2 Kg8 26. c4 b5 27.
cxb5 Qxb5 28. g3 Rc3 29. Kg2 Qc5 30. Rf1 a5 31. Rff2 Qb4 32. Rc2 Rxc2 33. Rxc2
Rxc2+ 34. Qxc2 Qc5 35. Qxc5 dxc5 36. Kf2 Kf8 37. Ke2 Ke8 38. Kd3 Kd7 39. Kc4
Kc6 40. f4 e6 41. g4 h6 42. f5 g5 43. e5 Kb6 44. a3 Kc6 45. f6 Kb6 46. Kd3 Kb5
47. Kc3 Kc6 48. Kc4 Kb6 49. Kd3 Kb5 50. Kc3 Kc6 51. Kc4 Kb6 52. Kd3 Kb5 1/2-1/2

[Event "ODEM U25A 2013"]
[Site "Oberhof GER"]
[Date "2013.05.19"]
[Round "1"]
[White "Greßmann, Hanna"]
[Black "Schirra, Felix"]
[Result "0-1"]
[Termination "normal"]
[Board "38"]
[WhiteElo "1520"]
[BlackElo "1711"]
[PlyCount "142"]
[WhiteFideId "12930709"]
[BlackFideId "24692662"]
[EventCountry "GER"]
[EventRounds "9"]
[EventType "swiss"]
[EventDate "2013.05.18"]

1. e4 c5 2. Nf3 d6 3. Bc4 g6 4. d3 Bg7 5. c3 Nf6 6. O-O O-O 7. h3 Bd7 8. Bb3
Bc6 9. Be3 Nbd7 10. Re1 b5 11. Nbd2 a5 12. a4 Nb6 13. axb5 Bxb5 14. Nf1 Nfd7
15. Bc2 Qc7 16. Qd2 Bc6 17. Bh6 e6 18. Bxg7 Kxg7 19. Qf4 e5 20. Qe3 f5 21. exf5
Bxf3 22. Qxf3 Rxf5 23. Qg3 Raf8 24. f3 Nd5 25. Ne3 Nxe3 26. Rxe3 Qb6 27. Rb1 c4
28. Qf2 cxd3 29. Bxd3 Rf4 30. Rd1 Nc5 31. Re2 Qc7 32. Bc2 Rb8 33. Rb1 a4 34.
Qe1 Qa7 35. Kh1 Rf7 36. Qd1 Rb6 37. Rd2 Rd7 38. Rf2 Rdb7 39. Be4 Nxe4 40. fxe4
a3 41. Qf3 Rf7 42. Qxf7+ Qxf7 43. Rxf7+ Kxf7 44. Rf1+ Ke6 45. bxa3 Rb3 46. Rc1
Rxa3 47. Kg1 Kd7 48. Kf2 Kc6 49. Rc2 Kc5 50. Ke2 Kc4 51. Rd2 Ra6 52. Rc2 Rc6
53. Kd2 h5 54. h4 Rc7 55. Ke3 g5 56. Rd2 Kc5 57. Rd5+ Kc6 58. hxg5 Rg7 59. Kf3
Rxg5 60. Rd1 h4 61. Rh1 Rg3+ 62. Kf2 Rg4 63. Kf3 Rf4+ 64. Ke3 Kc5 65. Rd1 Rg4
66. Rh1 Rxg2 67. Rxh4 Kc4 68. Rh6 Rg3+ 69. Kf2 Rd3 70. Rh8 Kxc3 71. Rc8+ Kd4
0-1

[Event "ODEM U25A 2013"]
[Site "Oberhof GER"]
[Date "2013.05.19"]
[Round "1"]
[White "Meiser, Michael"]
[Black "Eimer, Christina"]
[Result "1/2-1/2"]
[Termination "normal"]
[Board "39"]
[WhiteElo "1931"]
[BlackElo "1541"]
[PlyCount "58"]
[WhiteFideId "24659762"]
[BlackFideId "24655767"]
[EventCountry "GER"]
[EventRounds "9"]
[EventType "swiss"]
[EventDate "2013.05.18"]

1. e4 e6 2. d4 d5 3. exd5 exd5 4. Nf3 Nf6 5. Bg5 Bg4 6. Be2 Bxf3 7. Bxf3 Be7 8.
O-O O-O 9. Nc3 c6 10. Ne2 Nbd7 11. Ng3 h6 12. Bf4 Re8 13. Re1 Nb6 14. Nf5 Nc4
15. b3 Nd6 16. Nxe7+ Rxe7 17. Qd3 Nde4 18. c4 Qd7 19. cxd5 cxd5 20. Rac1 Rc8
21. Rxc8+ Qxc8 22. Rc1 Qd8 23. Qb5 Nc3 24. Qd3 Nxa2 25. Ra1 Nb4 26. Qc3 Nc6 27.
b4 Ne4 28. Qb2 Qb6 29. Be3 Qxb4 1/2-1/2

[Event "ODEM U25A 2013"]
[Site "Oberhof GER"]
[Date "2013.05.19"]
[Round "1"]
[White "Brühan, Caren"]
[Black "Sonnhalter, Stella"]
[Result "1/2-1/2"]
[Termination "normal"]
[Board "40"]
[WhiteElo "1643"]
[BlackElo "1843"]
[PlyCount "48"]
[WhiteFideId "24691976"]
[BlackFideId "4624815"]
[EventCountry "GER"]
[EventRounds "9"]
[EventType "swiss"]
[EventDate "2013.05.18"]

1. c4 c5 2. Nf3 Nf6 3. Nc3 Nc6 4. g3 g6 5. Bg2 Bg7 6. O-O O-O 7. d3 d6 8. a3 a6
9. Rb1 Rb8 10. b4 cxb4 11. axb4 b5 12. cxb5 axb5 13. Bd2 d5 14. d4 Bf5 15. Rb2
Qb6 16. Bf4 Rb7 17. e3 Rc8 18. Qb3 Rd7 19. Bg5 Qd8 20. Re1 Ne4 21. Nxb5 Rb8 22.
Nc3 Rxb4 23. Qa3 Rxb2 24. Qxb2 Nxc3 1/2-1/2

[Event "ODEM U25A 2013"]
[Site "Oberhof GER"]
[Date "2013.05.19"]
[Round "1"]
[White "Lenz, Jonas"]
[Black "Nguyen, Anh Van"]
[Result "1-0"]
[Termination "normal"]
[Board "41"]
[WhiteElo "1972"]
[BlackElo "1630"]
[PlyCount "83"]
[WhiteFideId "24691160"]
[BlackFideId "12908223"]
[EventCountry "GER"]
[EventRounds "9"]
[EventType "swiss"]
[EventDate "2013.05.18"]

1. e4 c5 2. Nf3 d6 3. d4 cxd4 4. Nxd4 Nf6 5. Nc3 g6 6. Be3 Bg7 7. Be2 O-O 8.
O-O Nbd7 9. f4 Nc5 10. Bf3 Qd7 11. h3 Na4 12. Nxa4 Qxa4 13. c3 Qxd1 14. Rfxd1
a6 15. Nb3 Nd7 16. e5 dxe5 17. Bxb7 Bxb7 18. Rxd7 exf4 19. Bxf4 e5 20. Bxe5
Bxe5 21. Rxb7 Bg3 22. Rd7 Rfe8 23. Rd3 Re1+ 24. Rxe1 Bxe1 25. Re3 Bh4 26. g3
Bd8 27. Re8+ Kg7 28. Kg2 Rb8 29. Kf3 f5 30. Nd4 Kf7 31. Nc6 Kxe8 32. Nxb8 a5
33. Nc6 Bc7 34. g4 f4 35. Nd4 g5 36. Nf5 Kf7 37. h4 Kf6 38. hxg5+ Kxg5 39. Nd4
Kf6 40. Ne2 Kg5 41. b4 axb4 42. cxb4 1-0

[Event "ODEM U25A 2013"]
[Site "Oberhof GER"]
[Date "2013.05.19"]
[Round "1"]
[White "Edel, Fenja"]
[Black "Khrapko, Marko"]
[Result "0-1"]
[Termination "normal"]
[Board "42"]
[WhiteElo "1635"]
[BlackElo "1818"]
[PlyCount "38"]
[WhiteFideId "24696749"]
[BlackFideId "12916293"]
[EventCountry "GER"]
[EventRounds "9"]
[EventType "swiss"]
[EventDate "2013.05.18"]

1. e4 e5 2. Nc3 Nf6 3. Bc4 Nc6 4. d3 Na5 5. Bb3 Nxb3 6. axb3 Bb4 7. Bd2 O-O 8.
f4 exf4 9. Bxf4 d5 10. Bd2 Bxc3 11. Bxc3 dxe4 12. dxe4 Nxe4 13. Nf3 Nxc3 14.
bxc3 Re8+ 15. Kf2 Bf5 16. Rc1 Qf6 17. c4 Rad8 18. Qf1 Rd2+ 19. Kg1 Qb6+ 0-1

[Event "ODEM U25A 2013"]
[Site "Oberhof GER"]
[Date "2013.05.19"]
[Round "1"]
[White "Täschner, Simon"]
[Black "Reimers, Juri"]
[Result "1-0"]
[Termination "normal"]
[Board "44"]
[WhiteElo "1504"]
[BlackElo "1751"]
[PlyCount "101"]
[WhiteFideId "1270971"]
[BlackFideId "24661511"]
[EventCountry "GER"]
[EventRounds "9"]
[EventType "swiss"]
[EventDate "2013.05.18"]

1. e4 g6 2. d4 Bg7 3. c4 c5 4. Nf3 cxd4 5. Nxd4 Nc6 6. Nxc6 bxc6 7. Qc2 d6 8.
Nc3 Nf6 9. Be2 O-O 10. O-O Qc7 11. Bf4 Bb7 12. c5 Ne8 13. Rfd1 e5 14. cxd6 Nxd6
15. Be3 f5 16. Bc5 Rad8 17. Qb3+ Rf7 18. Bxd6 Rxd6 19. Rxd6 Qxd6 20. Bc4 Qc7
21. Bxf7+ Qxf7 22. Qxf7+ Kxf7 23. Rd1 Ke7 24. exf5 gxf5 25. Na4 Bc8 26. Nc5 Bf6
27. b4 e4 28. Rb1 a6 29. Rb3 h6 30. Ra3 Bb2 31. Ra4 Kd6 32. Nxa6 Bd4 33. Ra3 f4
34. Nc5 Bf5 35. Kf1 Kd5 36. Ke2 Kc4 37. Rb3 Bc3 38. Na6 Bg6 39. g4 Kd4 40. a4
Bf7 41. Rxc3 Kxc3 42. Nc5 Bc4+ 43. Ke1 Bd5 44. a5 Bc4 45. a6 Bxa6 46. Nxa6 Kc4
47. Nb8 Kxb4 48. Nxc6+ Kc5 49. Ne7 h5 50. gxh5 Kd6 51. h6 1-0

[Event "ODEM U25A 2013"]
[Site "Oberhof GER"]
[Date "2013.05.19"]
[Round "1"]
[White "Kardoeus, David"]
[Black "Reinfelder, Fabian"]
[Result "1-0"]
[Termination "normal"]
[Board "45"]
[WhiteElo "1894"]
[BlackElo "1498"]
[PlyCount "109"]
[WhiteFideId "12912050"]
[BlackFideId "12963607"]
[EventCountry "GER"]
[EventRounds "9"]
[EventType "swiss"]
[EventDate "2013.05.18"]

1. e4 c6 2. Nc3 d5 3. Qf3 dxe4 4. Nxe4 e6 5. c3 Nd7 6. d4 h6 7. Bd3 Ngf6 8. Qg3
Nxe4 9. Bxe4 Nf6 10. Bc2 Bd7 11. Nf3 g6 12. Ne5 g5 13. O-O Qe7 14. f4 O-O-O 15.
fxg5 hxg5 16. Rxf6 Qxf6 17. Bxg5 Qg7 18. Bxd8 Qxg3 19. hxg3 Bh6 20. Bf6 Be3+
21. Kf1 Rh1+ 22. Ke2 Rxa1 23. Kxe3 Rxa2 24. Nxf7 Rxb2 25. Kd2 Ra2 26. Nd6+ Kc7
27. Be5 Kb6 28. Kc1 Ra1+ 29. Bb1 c5 30. Kb2 Ra4 31. Bc2 Ra6 32. Nc4+ Kc6 33.
Be4+ Kb5 34. Bxb7 Ra4 35. Na3+ Kb6 36. Bf3 cxd4 37. Bxd4+ Kc7 38. c4 Kd8 39. g4
Ke7 40. g5 Ra5 41. c5 e5 42. Bc3 Ra6 43. Bxe5 Re6 44. Bf6+ Kf8 45. Nc4 Bc6 46.
Bxc6 Rxc6 47. Ne5 Rc8 48. g6 Kg8 49. c6 a5 50. g4 a4 51. Ka3 Ra8 52. g5 Ra7 53.
g7 Kh7 54. g6+ Kg8 55. Nf7 1-0

[Event "ODEM U25A 2013"]
[Site "Oberhof GER"]
[Date "2013.05.19"]
[Round "1"]
[White "Fischer, Maxi"]
[Black "Alcer, Fabian"]
[Result "1-0"]
[Termination "normal"]
[Board "46"]
[WhiteElo "1497"]
[BlackElo "1732"]
[PlyCount "63"]
[WhiteFideId "24692395"]
[BlackFideId "24693898"]
[EventCountry "GER"]
[EventRounds "9"]
[EventType "swiss"]
[EventDate "2013.05.18"]

1. e4 e5 2. Nf3 Nc6 3. Bc4 Nf6 4. d3 Bc5 5. c3 d6 6. h3 a6 7. Bb3 Ba7 8. Nbd2
O-O 9. Nf1 h6 10. Ng3 Kh8 11. Qe2 Nh7 12. Bd2 Ne7 13. O-O-O b5 14. Nh4 Be6 15.
Nhf5 Nxf5 16. Nxf5 Bxf5 17. exf5 a5 18. g4 a4 19. Bd5 Rb8 20. h4 f6 21. Rdg1
Qe7 22. Qf3 Rfe8 23. g5 c6 24. Bxc6 Rec8 25. gxh6 gxh6 26. Bd5 Rg8 27. Rxg8+
Rxg8 28. Bxg8 Kxg8 29. Rg1+ Kf8 30. Bxh6+ Ke8 31. Rg8+ Nf8 32. Qa8+ 1-0

[Event "ODEM U25A 2013"]
[Site "Oberhof GER"]
[Date "2013.05.19"]
[Round "1"]
[White "Alten, Silvio"]
[Black "Wodzinski, Kristin"]
[Result "1-0"]
[Termination "normal"]
[Board "47"]
[WhiteElo "1878"]
[BlackElo "1643"]
[PlyCount "85"]
[WhiteFideId "24660078"]
[BlackFideId "12923141"]
[EventCountry "GER"]
[EventRounds "9"]
[EventType "swiss"]
[EventDate "2013.05.18"]

1. e4 c5 2. d4 cxd4 3. c3 dxc3 4. Nxc3 Nc6 5. Nf3 e6 6. Bc4 d6 7. O-O Nf6 8.
Qe2 Be7 9. Rd1 Qc7 10. Bf4 O-O 11. Nb5 Qb6 12. Bxd6 Bxd6 13. Nxd6 Bd7 14. e5
Ne8 15. Ng5 Nxd6 16. Rxd6 Rad8 17. Rad1 Bc8 18. Ne4 Rxd6 19. Nxd6 Qc5 20. Re1
b6 21. Bd3 Qd5 22. Bb1 Na5 23. Qc2 g6 24. Nxc8 Qb7 25. Nd6 Qd5 26. Qd3 Qc5 27.
Qe3 Qb4 28. b3 Nc6 29. Rc1 Ne7 30. Rc4 Qa5 31. f4 Nd5 32. Qc1 Kg7 33. Ra4 Qc3
34. Rc4 Qxc1+ 35. Rxc1 Nxf4 36. Rc7 h5 37. Kf2 a5 38. Be4 Kg8 39. Rc8 Rxc8 40.
Nxc8 b5 41. Nd6 b4 42. Nc4 Kg7 43. Nxa5 1-0

[Event "ODEM U25A 2013"]
[Site "Oberhof GER"]
[Date "2013.05.19"]
[Round "1"]
[White "Nabinger, Annalena"]
[Black "Torzinski, Nils"]
[Result "1/2-1/2"]
[Termination "normal"]
[Board "48"]
[WhiteElo "1485"]
[BlackElo "1805"]
[PlyCount "43"]
[WhiteFideId "12902225"]
[BlackFideId "24695840"]
[EventCountry "GER"]
[EventRounds "9"]
[EventType "swiss"]
[EventDate "2013.05.18"]

1. e4 e5 2. Nf3 Nc6 3. d4 exd4 4. Nxd4 Bc5 5. Be3 Qf6 6. c3 Nge7 7. Bc4 O-O 8.
O-O Ne5 9. Be2 d5 10. Nd2 c6 11. Rc1 Qg6 12. Bh5 Qf6 13. Be2 Bb6 14. b3 Rd8 15.
Nc2 dxe4 16. Bxb6 axb6 17. Nxe4 Rxd1 18. Nxf6+ gxf6 19. Rfxd1 Rxa2 20. Rd8+ Kg7
21. f4 N5g6 22. g3 1/2-1/2

[Event "ODEM U25A 2013"]
[Site "Oberhof GER"]
[Date "2013.05.19"]
[Round "1"]
[White "Mehling, Franziska"]
[Black "Peters, Theresa"]
[Result "1/2-1/2"]
[Termination "normal"]
[Board "49"]
[WhiteElo "1690"]
[BlackElo "1467"]
[PlyCount "40"]
[WhiteFideId "12900133"]
[BlackFideId "12952192"]
[EventCountry "GER"]
[EventRounds "9"]
[EventType "swiss"]
[EventDate "2013.05.18"]

1. d4 Nf6 2. c4 g6 3. Nc3 Bg7 4. e4 d6 5. f3 O-O 6. Be3 e5 7. Nge2 Nbd7 8. Qd2
Nb6 9. Nc1 exd4 10. Bxd4 Be6 11. b3 c6 12. Be2 Qc7 13. O-O Nbd7 14. Rd1 Rfd8
15. Be3 d5 16. cxd5 cxd5 17. Nb5 Qc6 18. Nd4 Qd6 19. Nxe6 Qxe6 20. exd5 Nxd5
1/2-1/2

[Event "ODEM U25A 2013"]
[Site "Oberhof GER"]
[Date "2013.05.19"]
[Round "1"]
[White "Usczeck, Lukas"]
[Black "Koll, Lukas"]
[Result "1-0"]
[Termination "normal"]
[Board "51"]
[WhiteElo "1794"]
[BlackElo "1464"]
[PlyCount "109"]
[WhiteFideId "12937827"]
[BlackFideId "12969737"]
[EventCountry "GER"]
[EventRounds "9"]
[EventType "swiss"]
[EventDate "2013.05.18"]

1. d4 d5 2. c4 Nf6 3. Nc3 e6 4. cxd5 Nxd5 5. e4 Nb6 6. Nf3 Bd6 7. Bg5 Be7 8.
Bxe7 Qxe7 9. g3 O-O 10. Bg2 Nc6 11. Qe2 Qb4 12. a3 Qc4 13. Qxc4 Nxc4 14. b3 Nd6
15. O-O Re8 16. Rfd1 f6 17. d5 exd5 18. exd5 Ne5 19. Nxe5 Rxe5 20. Re1 Rxe1+
21. Rxe1 Kf7 22. Ne2 Bf5 23. Nd4 Re8 24. Rxe8 Kxe8 25. f4 a6 26. Kf2 Bd7 27.
Ke3 f5 28. a4 b5 29. axb5 Nxb5 30. Nxb5 Bxb5 31. Kd4 Ke7 32. Kc5 Kd7 33. b4 Be2
34. Bh3 g6 35. Bg2 Bb5 36. Bf3 h6 37. h4 h5 38. Bd1 Ke7 39. Bb3 Be8 40. Bc4 Bb5
41. Bxb5 axb5 42. Kxb5 Kd6 43. Kc4 c6 44. dxc6 Kxc6 45. b5+ Kb6 46. Kb4 Kb7 47.
Kc5 Kc7 48. b6+ Kb7 49. Kd6 Kxb6 50. Ke6 Kc5 51. Kf6 Kd4 52. Kxg6 Ke4 53. Kxh5
Kf3 54. Kg5 Kxg3 55. h5 1-0